Lyrics - Moon - Kanye West - Statistics

General Stats
  • This quiz has been taken 14 times
  • The average score is 182 of 251
Answer Stats
hint lyric % Correct
go
100%
go,
100%
(2x) | (3x) | (5x) | chorus how
100%
chorus I
100%
moon,
100%
moon
100%
moon)
100%
the
100%
to
100%
(to
100%
wanna
100%
can
93%
(2x) don't
93%
(don't
93%
get
93%
leave
93%
so
93%
soon
93%
soon)
93%
through?
93%
a
86%
here
79%
me
79%
we
79%
all
71%
be
71%
could
71%
forget
64%
I'm
64%
in,
64%
in
64%
never
64%
and
57%
cup
57%
life
57%
memories
57%
my
57%
on
57%
should
57%
up
57%
better
50%
moment
50%
not
50%
oh
50%
oh,
50%
strap
50%
such
50%
sweet
50%
thinkin'
50%
angels,
43%
blessed
43%
ever
43%
from
43%
lonely
43%
melodies,
43%
might
43%
prayin',
43%
say
43%
see
43%
sip
43%
sky,
43%
start
43%
these
43%
they
43%
truly
43%
weak,
43%
what
43%
afternoon,
36%
at
36%
been
36%
early
36%
I've
36%
much
36%
out
36%
singin'
36%
soul
36%
trouble
36%
(yeah)
36%
| outro yeah
36%
you
36%
ashamed,
29%
drainin',
29%
heaven
29%
hey,
29%
sittin',
29%
sleep,
29%
stare
29%
(take
29%
take
29%
who
29%
gosh,
21%
verse hee
21%
hee,
21%
knows
21%
knows,
21%
nobody
21%
relate?
21%
hated
14%
keep
14%
tryna
14%
(woah)
14%
(2x) woah
14%
would
14%
boy
7%
followin'
7%
(ooh)
7%
(ooh,
7%
No matching quizzes found
Score Distribution
Percent of People with Each Score
Percentile by Number Answered
Your Score History
You have not taken this quiz